=LDR 00000nam 2200000 4500 =001 INLIS000000000018079 =005 20201203102734 =035 ##$$a 0010-061300000018079 =008 201203################g##########0#ind## =041 ##$$a Ind =082 ##$$a 330.959 8 =090 ##$$a 330.959 8, Jiw b =100 1#$$a Jiwandono, J. Sudrajad =245 1#$$a Bergulat dengan krisis dan pemulihan ekonomi Indonesia. /$c J.Soedrajat Djiwandono =260 ##$$a Jakarta :$b Pustaka Sinar Harapan,$c 2001 =300 ##$$a xii, 321 hlm, ; $c 21x14 cm =650 #4$$a Ekonomi-Keadaan =850 ##$$a NBPNMAT =020 ##$$a 979-416-722-3 =084 ##$$a 330.959 8 JIW b =504 ##$$a Bibliografi : hlm, 306-321 =250 ##$$a cet.1 =990 ##$$a 20603216 =990 ##$$a 20603217 =990 ##$$a 20603218 =990 ##$$a 20603219